| 000 | 01158cam a22002651i 4500 | ||
|---|---|---|---|
| 003 | SA-RiAUC | ||
| 005 | 20250530152608.0 | ||
| 008 | 250529s1984 su g 000 0 ara c | ||
| 040 |
_aSA-JeALM _bara _cSA-RiAUC. _erda |
||
| 082 | 0 | 4 |
_a415.5 _qSA-RiAUC |
| 090 |
_a415.5 _bهـ ر ر |
||
| 100 | 1 |
_aالهرري، محمد أمين بن عبد الله بن يوسف، _d1348-1441 هجري _eمؤلف. |
|
| 245 | 1 | 0 |
_aمناهل الرجال ومراضع الأطفال بلبان معاني لامية الأفعال / _cمحمد أمين بن عبد الله الأثيوبي الهرري. |
| 250 | _aالطبعة الاولى. | ||
| 264 | 1 |
_aبيروت : _bدار الفكر، _c1985 |
|
| 300 |
_a266 صفحة ؛ _c24 سم |
||
| 336 |
_aنص _btxt _2rdacontent _3كتاب |
||
| 337 |
_aبدون وسيط _bn _2rdamedia |
||
| 338 |
_aمجلد _bnc _2rdacarrier |
||
| 650 | 7 |
_aاللغة العربية _xصرف _2aucsh |
|
| 700 | 1 | 2 |
_aابن مالك، محمد بن عبد الله، _d600-672 هجري. _tلامية الأفعال. |
| 740 | 0 | 2 | _aلامية الأفعال في الصرف. |
| 942 |
_2ddc _cBOOK _n0 |
||
| 949 |
_aSA-JeALM _d250529 _uosman123 _n1 |
||
| 999 |
_c8530 _d8530 |
||